000 00866nam a2200265 a 4500
001 BRCA_6169
005 20190320205346.0
008 070711s19111913gw-#######---#000-0#ger-#
041 _ager
044 _agw
050 4 _aE168
_b.R68 1911
100 1 _aRosen, Erwin
_d1876-
_915541
245 1 0 _aDer deutsche Lausbub in Amerika
_cvon Erwin Rosen
260 _aStuttgart, Alemania
_bRobert Lutz
_c1911-1913
300 _a3 v.
_c20 cm.
440 0 _aMemoiren Bibliothek
_vIV
_915542
500 _aDos ejemplares del v. 1.
500 _aK52
505 0 _aContenido : v.1. ej. 1 (11a. ed. 1911), v.1. ej. 2 (27a ed. 1913), v.2. (21a ed. 1912), v.3. (19a. ed. 1913)
650 1 4 _aViajeros alemanes
_97026
651 4 _aEstados Unidos
_xDescripción y viajes
_915543
651 4 _aEstados Unidos
_xHistoria
_yGuerra de 1898
_915544
902 _aGFM
942 _2lcc
_cB
999 _c5856
_d5856